|
|
|
|
| LEADER |
00722nab a2200157 i 4500 |
| 001 |
misc15664 |
| 005 |
20191106142226.0 |
| 008 |
170607s1935 hu o 0|| hun d |
| 040 |
|
|
|a SZTE Miscellanea Repozitórium
|b hun
|
| 041 |
|
|
|a hun
|
| 245 |
0 |
2 |
|a A kír. közjegyzőknek örökösödési ügyekben felszámítható díjairól és költségeiről szóló 1935. február hó 17-én hatályba lépett 6800/1935. I. M. sz. rendelet (B. K. 40. szám)
|h [elektronikus dokumentum]
|
| 260 |
|
|
|c 1935
|
| 300 |
|
|
|a 219-221a
|
| 490 |
0 |
|
|a Polgári jog : a hazai és külföldi magánjog és hiteljog szemléje
|v 11
|
| 695 |
|
|
|a Illeték öröklés
|
| 856 |
4 |
0 |
|u http://misc.bibl.u-szeged.hu/15664/1/polgari_jog_1935_219-221a.pdf
|z Dokumentum-elérés
|